| 000 | 00948nam a2200325 a 4500 | ||
|---|---|---|---|
| 003 | AR-BaBNM | ||
| 005 | 20251128203000.0 | ||
| 008 | 082120s2002 ||||||||||||||000 | spa|| | ||
| 020 | _a84-7100-536-0 | ||
| 040 | _cAR-BaBNM | ||
| 100 | 1 | _aBusquets Grau, Joan | |
| 245 | 0 | 0 |
_aBarcelona _bevolución urbanística de una capital compacta |
| 250 | _a1ª ed. | ||
| 260 |
_aMadrid _bMapfre _c1992 |
||
| 300 |
_a425 p. _bmapas, il.,láms. |
||
| 490 | 0 |
_aCiudades de Iberoamérica _vv. 12 |
|
| 500 | _aApéndices para consultar p. 403 - 417. | ||
| 650 | 4 | _aDEMOGRAFIA HISTORICA | |
| 650 | 4 | _aCIUDADES | |
| 650 | 4 | _aDESARROLLO URBANO | |
| 650 | 4 | _aHISTORIA SOCIAL | |
| 650 | 4 | _aHISTORIA DE LAS COSTUMBRES | |
| 650 | 4 | _aPRESERVACION DE LOS MONUMENTOS | |
| 650 | 4 | _aCIVILIZACIONES ANTIGUAS | |
| 651 | 4 | _aEspaña | |
| 800 | 1 |
_aGallego, José Andrés _ecoordinador |
|
| 800 | 1 |
_aLucena, Manuel _edirector |
|
| 942 | _cBK | ||
| 998 | _cmariana | ||
| 999 |
_c1365 _d1365 |
||